Statistics for Luxor International Airport Destinations (Luxor, Egypt)

Click here to take the quiz!

General Stats

  • This quiz has been taken 13 times
  • The average score is 16 of 26

Answer Stats

AirlineDestination% Correct
Air Cairo/Egyptair/Nile Air/Petroleum Air ServicesCairo
100%
Aegean AirlinesAthens
90%
TUI fly BelgiumBrussels
90%
TUI AirwaysLondon (Gatwick)
90%
EgyptairLondon (Heathrow)
90%
IberiaMadrid
90%
VuelingBarcelona
80%
Turkish AirlinesIstanbul
80%
Air CairoParis (Charles de Gaulle)
80%
TransaviaParis (Orly)
80%
Air Cairo/EgyptairSharm El Sheikh
80%
Edelweiss AirZurich
80%
Air CairoHurghada
70%
Air Cairo/Nesma AirlinesJeddah
70%
Air Cairo/Neos/Nile AirMilan (Malpensa)
60%
Air Cairo/Nile AirRome (Fiumicino)
60%
TUI fly DeutschlandDusseldorf
50%
Jazeera AirwaysKuwait City
50%
TUI AirwaysManchester
40%
Air CairoMalaga
30%
Air CairoValencia
30%
Air CairoBilbao
20%
Air CairoBologna
20%
Air CairoLyon
20%
Air CairoNantes
10%
Air CairoCatania
0%

Score Distribution

Percentile by Number Answered

Percent of People with Each Score

Your Score History

You have not taken this quiz